| 000 | 00482cam a2200181ua 4500 | ||
|---|---|---|---|
| 001 | 1256 | ||
| 008 | 110622n ii |||gr||||Z||||||eng | ||
| 020 | _a81-85475-48-2 | ||
| 040 | _cMAIN | ||
| 082 | _a338 | ||
| 245 | 1 |
_aIndustrial economy. _btrends, problems and prospects. |
|
| 250 |
_a1st / _bEdited by M Gangadhar Rao. |
||
| 260 |
_aDelhi: _bKanishka publishing house.,993. |
||
| 300 |
_a810 p.: _c20 cm. |
||
| 653 | _aEconomics. | ||
| 653 | _aIndustrial economy. | ||
| 942 | _cBK | ||
| 999 |
_c1159 _d1159 |
||